000 00898nam a22002417a 4500
999 _c3599
_d3599
003 AR-CdUCM
008 190306b ||||| |||| 00| 0 spa d
040 _aMUNICIPALIDAD PROVINCIAL DEL CUSCO
_cBIBLIOTECA MUNICIPAL DEL CUSCO
082 _a341.1 /
_bH84
100 _aHuayhua C., Francisco
_911772
245 _aDerecho-- acto o negocio jurídico-- principios generales del derecho-- /
260 _aCusco :
_c2017.
300 _a178 paginas
_c21 cm.
505 _aContenido :Que se entiende por derecho? --Que es derecho objetivo y subjetivo? --Fuentes del derecho --Clasificación de derechos civiles --La ley se deroga solo por otra ley ...
650 _aDerecho
_9739
650 _aFilosofia
_9395
650 _aAspectos jurídicos
_95026
650 _aActos jurídicos
_96839
650 _aInterpretacion
_9994
650 _aAplicacion
_911773
942 _2ddc
_cLIBROS
945 _arjall